000 00724nam a2200289Ia 4500
005 20260324115207.0
008 008 260324s9999 xx 000 0 eng d
020 _a9780429021305
037 _aEBOOK
040 _aCRL
040 _beng
040 _cCRL
041 _2eng
041 _aeng
084 _qCRL
100 _aRakesh Kumar Phanden; Ajai Jain; J. Paulo Davim
_91153723
245 0 _aIntegration of Process Planning and Scheduling
245 0 _bApproaches and Algorithms
260 _bTaylor and Francis
260 _c2019
365 _a
365 _b355
856 _uhttp://www.taylorfrancis.com/books/9780429021305
942 _cEBOOK
999 _c1744424
_d1744424